Top 10 Least Densely-Populated Countries in Asia - Statistics

General Stats
  • This quiz has been taken 43 times
    26 since last reset
  • The average score is 8 of 10
Answer Stats
Density Country % Correct
7 Kazakhstan
100%
2.24 Mongolia
100%
13 Turkmenistan
100%
35.8 Kyrgyzstan
91%
15 Saudi Arabia
91%
26.7 Laos
86%
15 Oman
77%
20.3 Bhutan
64%
65 Afghanistan
55%
57.6 Georgia
36%
No matching quizzes found
Score Distribution
Percent of People with Each Score
Percentile by Number Answered
Your Score History
You have not taken this quiz since the last reset